Esculturas [de Alejandro Prieto Posada] /

Guardado en:
Detalles Bibliográficos
Autor principal: Prieto Posada, Alejandro (autor)
Otros autores: Noelle Mereles, Louise (texto) (texto)
Formato: Libro
Idioma:Español
Publicado: México : Museo de Arte Carrillo Gil, 1993, c1993
Temas:
Etiquetas: Agrega una etiqueta
Sin etiquetas, Sé el primero en etiquetar este registro!

MARC

LEADER 00000nam^a2200000^a^4500
001 000189746
005 20250526000000.0
009 20260310102425.694
020 |a 968-6873-06-6 
037 |a Acervo ITESO - Biblioteca 
041 |a ESP 
082 |a 730. 972  |b PRI NOE 
100 |a Prieto Posada, Alejandro  |e (autor) 
245 1 0 |a Esculturas [de Alejandro Prieto Posada] /  |c A. Prieto Posada ; texto de L. Noelle Mereles... [et al.]. 
264 4 |a México :  |b Museo de Arte Carrillo Gil,  |c 1993, c1993 
300 |a 183 p. ;  |c 30.0 cm. 
336 |a texto  |b txt  |2 rdacontenido 
337 |a sin mediación  |b n  |2 rdamedio 
338 |a volumen  |b nc  |2 rdasoporte 
649 |a XX 
650 |a Escultores Mexicanos 
650 |a Artistas Mexicanos 
650 |a Arquitectura Moderna -  |x Historia y Crítica 
650 |a Arquitectura Mexicana -  |x Historia y Crítica 
650 |a Arte Moderno -  |x Historia y Crítica 
650 |a Arte Mexicano -  |x Historia y Crítica 
650 |a Prieto Posada, Alejandro -  |x Tema Principal 
700 |a Noelle Mereles, Louise  |e (texto) 
910 |a Fondo Julio de la Peña Lomelín 
920 |a Impresos - Libros 
930 |a Libros Antiguos y Raros 
940 |a Arquitectos Jaliscienses 
905 |a 108 
901 |a 0500132984  |b IT2  |c LRA  |u 20250526 
902 |a https://opac.biblio.iteso.mx/vufind/Record/000189746